000 00579nam a2200181Ia 4500
003 IN-BaIIA
008 211028s9999 xx 000 0 eng d
020 _a978-3-527-40678-4
040 _cIIA Library
080 _a929:5/6/6
_bBAD
100 _aBadge, Peter
_931482
245 0 _aNobel faces: a gallery of nobel prize winners
_cPeter Badge
260 _aWeinheim
_bWiley-VCH Verlag Gmbh
_c2008
300 _avii, 621p.
650 _aBiography
_91224
650 _aCollective biography of Nobel prize winners
_931483
942 _cBK
999 _c16859
_d16859